Big East Conference Teams - Statistics

General Stats
  • This quiz has been taken 56 times
  • The average score is 9 of 11
Answer Stats
Answer % Correct
Saint John’s
93%
UConn
90%
Marquette
88%
Creighton
85%
Butler
80%
Xavier
80%
Villanova
78%
DePaul
75%
Providence
75%
Georgetown
68%
Seton Hall
60%
No matching quizzes found
Score Distribution
Percent of People with Each Score
Percentile by Number Answered
Your Score History
You have not taken this quiz